Weimar Germany (Record no. 3462)

MARC details
000 -LEADER
fixed length control field 01048nam a2200169Ia 4500
005 - DATE AND TIME OF LATEST TRANSACTION
control field 20250117103635.0
008 - FIXED-LENGTH DATA ELEMENTS--GENERAL INFORMATION
fixed length control field 250117s9999 xx 000 0 und d
020 ## - INTERNATIONAL STANDARD BOOK NUMBER
International Standard Book Number 9780691157962
082 ## - DEWEY DECIMAL CLASSIFICATION NUMBER
Classification number 943.085WEI
100 ## - MAIN ENTRY--PERSONAL NAME
Personal name Weitz, Eric D.
245 #0 - TITLE STATEMENT
Title Weimar Germany
Remainder of title promise and tragedy
260 ## - PUBLICATION, DISTRIBUTION, ETC.
Place of publication, distribution, etc. Princeton
Name of publisher, distributor, etc. Princeton University Press
Date of publication, distribution, etc. 2007
300 ## - PHYSICAL DESCRIPTION
Extent xi, 425 p., [8] p. of plates : ill. (some col.) ; 25 cm.
500 ## - GENERAL NOTE
General note Includes bibliographical references (p. [369]-405) and index.
520 ## - SUMMARY, ETC.
Summary, etc. Weimar Germany still fascinates us, and now this complex and remarkably creative period and place has the history it deserves. Eric Weitz's Weimar Germany reveals the Weimar era as a time of strikingly progressive achievements--and even greater promise. With a rich thematic narrative and detailed portraits of some of Weimar's greatest figures, this comprehensive history recaptures the excitement and drama as it unfolded, viewing Weimar in its own right--and not as a mere prelude to the Nazi era.
650 ## - SUBJECT ADDED ENTRY--TOPICAL TERM
Topical term or geographic name entry element Germany--History--1918-1933.
Holdings
Withdrawn status Lost status Damaged status Not for loan Home library Current library Date acquired Total checkouts Full call number Barcode Date last seen Price effective from Koha item type
        UONGOZI Institute Resources Centre - Dar es Salaam UONGOZI Institute Resources Centre - Dar es Salaam 01/17/2025   943.085WEI 003500 01/31/2025 01/17/2025 Book